Life’s a Mess - Juice WRLD & Halsey - Statistics

General Stats
  • This quiz has been taken 18 times
  • The average score is 266 of 419
Answer Stats
Lyrics % Correct
you
100%
You
100%
a
92%
I
92%
me
92%
some
92%
when
92%
ever
83%
for
83%
Have
83%
high
83%
I’m
83%
somebody?
83%
somebody
83%
then
83%
Then
83%
to
83%
And
75%
and
75%
be
75%
Don’t
75%
fallen
75%
finally
75%
found
75%
get
75%
just
75%
life’s
75%
love
75%
mess
75%
on
75%
over
75%
sometimes
75%
upset
75%
alone
67%
did
67%
free
67%
God
67%
heels
67%
her
67%
it
67%
It
67%
let
67%
my
67%
My
67%
No
67%
no
67%
Not
67%
put
67%
real
67%
remember
67%
set
67%
the
67%
world?
67%
world
67%
been
58%
click
58%
down
58%
head
58%
in
58%
see
58%
Thank
58%
thank
58%
That
58%
this
58%
wanna
58%
with
58%
Yeah
58%
ain’t
50%
around
50%
belong
50%
But
50%
but
50%
earth
50%
Everybody
50%
feel
50%
Feel
50%
help
50%
here
50%
hope
50%
I’ve
50%
light
50%
live
50%
lonely”
50%
look
50%
“Lord
50%
lying
50%
out
50%
screaming
50%
Searching
50%
someone
50%
somethin’
50%
That’s
50%
their
50%
they
50%
too
50%
accept
42%
all
42%
All
42%
better
42%
bygones
42%
‘Cause
42%
cause
42%
eyes
42%
flawed
42%
give
42%
gotta
42%
has
42%
hold
42%
if
42%
like
42%
Lookin’
42%
love’s
42%
one
42%
promises
42%
really
42%
Uh
42%
uh
42%
us
42%
was
42%
Was
42%
allowed
33%
didn’t
33%
fault
33%
feels
33%
gone
33%
heart
33%
held
33%
it’s
33%
learn
33%
lion
33%
lost
33%
made
33%
now
33%
surround
33%
throw
33%
towel
33%
trials
33%
tribulations
33%
trying
33%
turned
33%
Um
33%
upside
33%
way
33%
world’s
33%
your
33%
you’re
33%
breaks
25%
I’ll
25%
know
25%
only
25%
soul
25%
you’d
25%
again)
17%
chose
17%
good
17%
pain
17%
(Rex
17%
roar
17%
vibrations
17%
well
17%
whole
17%
bad
8%
fucking
8%
Looking
8%
back
0%
Can’t
0%
Theough
0%
No matching quizzes found
Score Distribution
Percent of People with Each Score
Percentile by Number Answered
Your Score History
You have not taken this quiz